| 000 | 00354nam a2200133Ia 4500 | ||
|---|---|---|---|
| 008 | 220204s9999 xx 000 0 und d | ||
| 082 |
_a579.22(035) _bBRE |
||
| 100 | _aBREED, Robert S | ||
| 245 | 0 | _aBergy's manual of determinative bacteriology | |
| 250 | _aEd.7 | ||
| 260 |
_aBaltimore _bWilliams &Wilkins _c1959 |
||
| 650 | _aBacteriology | ||
| 942 | _cBK | ||
| 999 |
_c21005 _d21005 |
||